|
|
|
|
| LEADER |
00853nam a2200229 i 4500 |
| 001 |
misc74401 |
| 005 |
20231221090815.0 |
| 008 |
231211s1923 hu o 000 hun d |
| 040 |
|
|
|a SZTE Miscellanea Repozitórium
|b hun
|
| 041 |
|
|
|a hun
|
| 100 |
1 |
|
|a Karl János
|
| 245 |
1 |
2 |
|a A magyar föld és élete
|h [elektronikus dokumentum] :
|b gimnáziumok és reáliskolák IV. osztálya számára /
|c Karl János
|
| 260 |
|
|
|a Franklin
|b Budapest
|c 1923
|
| 250 |
|
|
|a 3. kiadás
|
| 300 |
|
|
|a 69
|
| 561 |
|
|
|a Archív földrajztankönyvek
|
| 591 |
|
|
|a Dr. Szilassi Péter magángyűjteménye
|
| 650 |
|
4 |
|a Természettudományok
|
| 650 |
|
4 |
|a Föld- és kapcsolódó környezettudományok
|
| 695 |
|
|
|a Földrajz - középiskola - tankönyv
|
| 700 |
0 |
1 |
|a Vargha György
|e aut
|
| 856 |
4 |
0 |
|u http://misc.bibl.u-szeged.hu/74401/1/foldrajz_tankonyv_086.pdf
|z Dokumentum-elérés
|